La tutela a las haciendas públicas provinciales y de la ciudad autonoma de Buenos Aires en el actual regimen penal tributario (Registro nro. 13604)

Detalles MARC
000 -LEADER
fixed length control field 00413 a2200109 4500
001 - CONTROL NUMBER
control field ART_21349
005 - DATE AND TIME OF LATEST TRANSACTION
control field 20260410161644.0
008 - FIXED-LENGTH DATA ELEMENTS--GENERAL INFORMATION
fixed length control field 260409a
100 1# - MAIN ENTRY--PERSONAL NAME
Personal name Karschenboim, Laura
245 10 - TITLE STATEMENT
Title La tutela a las haciendas públicas provinciales y de la ciudad autonoma de Buenos Aires en el actual regimen penal tributario
773 0# - HOST ITEM ENTRY
Title Consultor tributario
Related parts - Año 7, Nº 82 (dic. 2013)
Record control number REV474

No hay ítems disponibles.